000 00848nam a2200205Ia 4500
003 GCL
008 140319s9999 xx 000 0 ara d
040 _aGCL /
_cGCL
082 0 4 _a347.02
_bا ا
100 1 _aاحمد مليجى
245 1 0 _aاختصام الغير: وادخال ضامن فى الخصومة المدنية امام محاكم الدرجة الاولى والاسيئناف ومحكمة النقد وفقا لقانون المرافعات واراء الفقه واحكام القضاء /
_cاحمد مليجى
260 _a[S.N] :
_bمكتبة دار الفكر العربى ،
_c1977
300 _a280 ص
490 _a
650 0 4 _aالقانون
650 0 4 _aقانون المرافعات
650 0 4 _aقانون الاجراءات المدنية
650 0 4 _aالدعاوى والبينات
942 _2ddc
_cBK
999 _c28480
_d28480